000 00532nam a22001817a 4500
999 _c9182
_d9182
008 210326b ||||| |||| 00| 0 eng d
040 _aBMS College of Architecture
100 _aB, Shruthi
245 _aHandful of earth - An urban crematorium
300 _a39p.
500 _a1BM04AT031
502 _8B.Arch
_NBMS College of Architecture, Visvesvaraya Technological University
_aProject report
_d2009
650 _aUrban
650 _aEarth
700 _aK Jaisim
_eGuide
700 _aMamatha P Raj
_eGuide
942 _2ddc
_cTHE